| 000 | 00685nam a2200193 i 4500 | ||
|---|---|---|---|
| 001 | 189957 | ||
| 003 | ES-MaACL | ||
| 005 | 20230906223613.0 | ||
| 008 | 200224s1969 sp |||| | spa d | ||
| 100 | 1 |
_aBruckner, Branko. _9169705 |
|
| 245 | 1 | 0 |
_aYugoslavia _b: autogestión en la economía / _cBranko Bruckner. |
| 260 |
_aMadrid : _bGuadiana de Publicaciones, _c[1969] |
||
| 300 |
_a320 p. ; _c18 cm. |
||
| 490 | 1 |
_aColección Biblioteca Universitaria de Economía ; _v16 |
|
| 651 | 4 |
_aYugoslavia- _xSituación económica- _y1945-1989. _9166103 |
|
| 830 | 0 |
_aColección Biblioteca Universitaria de Economía ; _v16 _9176868 |
|
| 852 |
_aES-MaACL _jP-1352-14 |
||
| 999 |
_c189957 _d189957 |
||